Loading...
| Fine Arts - Other | 0 | 7 | 1 | 1 | 65 | 58 | 100.14 | 1 | 5 | 8.28 | 25.63 |
| Literature - British | 0 | 6 | 1 | 0 | 55 | 51 | 92.17 | 1 | 2 | 9.03 | 19.50 |
| Literature - World/Other | 0 | 5 | 1 | 1 | 45 | 81 | 114.00 | 0 | 0 | 7.22 | 15.50 |
| Literature - European | 0 | 5 | 1 | 0 | 45 | 61 | 89.20 | 0 | 1 | 8.71 | 14.50 |
| Mythology | 0 | 4 | 0 | 0 | 40 | 63 | 80.75 | 1 | 2 | 7.84 | 14.50 |
| Literature - American | 0 | 4 | 1 | 0 | 35 | 83 | 112.50 | 0 | 1 | 3.91 | 8.00 |
| Social Science | 0 | 3 | 0 | 1 | 30 | 25 | 51.00 | 2 | 2 | 8.16 | 13.50 |
| Fine Arts - Visual | 0 | 3 | 0 | 1 | 30 | 67 | 105.33 | 0 | 1 | 6.58 | 12.50 |
| Religion | 0 | 2 | 0 | 1 | 20 | 84 | 106.50 | 0 | 1 | 1.22 | 4.50 |
| Geography/Current Events | 0 | 2 | 1 | 1 | 15 | 61 | 93.50 | 0 | 1 | 4.27 | 8.33 |
| History - American | 0 | 1 | 0 | 0 | 10 | 78 | 78.00 | 0 | 1 | 2.00 | 4.50 |
| Other Academic | 0 | 1 | 0 | 0 | 10 | 103 | 103.00 | 0 | 0 | 6.39 | 16.67 |
| Pop Culture | 0 | 1 | 0 | 0 | 10 | 127 | 127.00 | 0 | 0 | 5.28 | 15.00 |
| Fine Arts - Classical Music | 0 | 1 | 0 | 0 | 10 | 115 | 115.00 | 0 | 0 | 0.74 | 3.00 |
| History - European | 0 | 1 | 0 | 0 | 10 | 90 | 90.00 | 0 | 0 | 1.05 | 2.50 |
| History - World | 0 | 1 | 0 | 1 | 10 | 135 | 135.00 | 0 | 0 | 0.00 | 1.00 |
| Science - Biology | 0 | 1 | 0 | 1 | 10 | 104 | 104.00 | 0 | 0 | 0.44 | 2.50 |
| Science - Chemistry | 0 | 1 | 0 | 0 | 10 | 111 | 111.00 | 0 | 0 | -0.05 | 0.50 |
| Science - Other | 0 | 1 | 0 | 0 | 10 | 99 | 99.00 | 0 | 1 | 0.77 | 4.50 |
| History - Other | 0 | 1 | 1 | 0 | 5 | 62 | 62.00 | 0 | 1 | 2.18 | 3.50 |